Jose T. de Cuéllar (Record no. 9082)

MARC details
000 -CABECERA
campo de control de longitud fija 00718nam a2200229 a 4500
001 - NÚMERO DE CONTROL
campo de control BRL_269
005 - FECHA Y HORA DE LA ÚLTIMA TRANSACCIÓN
campo de control 20190320210649.0
008 - DATOS DE LONGITUD FIJA--INFORMACIÓN GENERAL
campo de control de longitud fija 170713s1965----mx-#######---#000-0dspa-#
041 ## - CÓDIGO DE LENGUA
Código de lengua del texto/banda sonora o título independiente spa
044 ## - CÓDIGO DEL PAÍS DE LA ENTIDAD EDITORA/PRODUCTORA
Código MARC del país mx
050 #4 - SIGNATURA TOPOGRÁFICA DE LA BIBLIOTECA DEL CONGRESO
Número de clasificación PQ7297.C82
Número de documento/Ítem .J67 1965
245 10 - MENCIÓN DE TÍTULO
Título Jose T. de Cuéllar
Resto del título páginas escogidas
Mención de responsabilidad, etc. selección y prólogo de Ermilo Abreu Gómez.
260 ## - PUBLICACIÓN, DISTRIBUCIÓN, ETC.
Lugar de publicación, distribución, etc. México
Nombre del editor, distribuidor, etc. Ediciones Oasis
Fecha de publicación, distribución, etc. 1965
300 ## - DESCRIPCIÓN FÍSICA
Extensión 122 p.
Dimensiones 17 cm.
440 #0 - MENCIÓN DE SERIE/PUNTO DE ACCESO ADICIONAL--TÍTULO
Título Colección Literaria Servet
Nombre de parte o sección de la obra El mundo moderno
Designación de volumen o secuencia 20
9 (RLIN) 23415
500 ## - NOTA GENERAL
Nota general Au2307
600 14 - PUNTO DE ACCESO ADICIONAL DE MATERIA--NOMBRE DE PERSONA
Nombre de persona Cuéllar, Jose Tomás de
Fechas asociadas al nombre 1830-1894
9 (RLIN) 23416
650 14 - PUNTO DE ACCESO ADICIONAL DE MATERIA--TÉRMINO DE MATERIA
Término de materia o nombre geográfico como elemento de entrada Literatura
Subdivisión cronológica Siglo XIX
9 (RLIN) 23417
700 1# - PUNTO DE ACCESO ADICIONAL--NOMBRE DE PERSONA
Nombre de persona Abreu Gómez, Ermilo
Fechas asociadas al nombre 1894-1971
Término indicativo de función/relación prol.
9 (RLIN) 23418
902 ## - CATALOGADOR
Iniciales GRL
942 ## - ELEMENTOS DE PUNTO DE ACCESO ADICIONAL (KOHA)
Fuente del sistema de clasificación o colocación Library of Congress Classification
Tipo de ítem Koha Libros
Holdings
Estado de retiro Estado de pérdida Estado dañado No para préstamo Localización permanente Ubicación/localización actual Fecha de adquisición Número de inventario Total de préstamos Signatura topográfica completa Código de barras Fecha visto por última vez Precio válido a partir de Tipo de ítem Koha
El ejemplar forma parte de la colección y puede ser consultado según las políticas vigentes.       Biblioteca Centro de Estudios Ruth D. Lechuga Biblioteca Centro de Estudios Ruth D. Lechuga 17/07/2013 Au2307   PQ7297.C82 .J67 1965 (Au2307) GRL00285 22/03/2019 22/03/2019 Libros